000 00283nam a22001337a 4500
008 170911b xxu||||| |||| 00| 0 eng d
020 _a9780030156571
041 _aeng
080 _24 ED
_a53
100 _a43
101 _aFIZ
245 _aPHYSICS
_cSERWAY.R.A
942 _2udc
_cBK
999 _c27165
_d27165